| 000 | 00863nam a22002897a 4500 | ||
|---|---|---|---|
| 001 | BR7700351 | ||
| 003 | BR-BrBNA | ||
| 005 | 20230928085147.0 | ||
| 007 | ta | ||
| 008 | 230509b bl.||||| |||| 00| 0 por d | ||
| 040 |
_aBR-BrBNA _bpor _cBiblioteca Nacional de Agricultura |
||
| 041 | _a(Por) | ||
| 072 |
_aF30; F27 _b0110 _b/G514 |
||
| 090 | _ 0110 BR7700351 | ||
| 100 | 1 | _aD'Oliveira, L.O.B. | |
| 100 | 1 | _aPossidio, E.L. de | |
| 100 | 1 | _aBaranow, G. | |
| 110 | 1 | _aCentro de Pesquisa Agropecuaria do Tropico Semi-Arido, Petrolina, PE (Brasil) | |
| 245 | 1 | _aObservacoes de cultivares de cevada cenuefeira na Regiao de Sub-medio Sao Francisco [Brasil] | |
| 260 | 3 |
_aPetrolina, PE (Brasil): _c1976. |
|
| 300 | _a5 p. | ||
| 650 | _aVARIEDADE | ||
| 650 | _aCEVADA | ||
| 650 | _aREGIAO NORDESTE | ||
| 909 |
_a202309 _bLucia _c55 _dLucia Elande |
||
| 942 | _cBK | ||
| 999 |
_c23070 _d23070 |
||